Pla d'equipaments culturals de Santpedor
Publicado:
Barcelona :
Diputació de Barcelona. Àrea de Cultura. Centre d'Estudis i Recursos Culturals (CERC) ,
2009
Descripción Física:
79 p. : il. col. , gràfics, quadres, taules ; 29 cm
MARC
| LEADER | 00000nam a2200000Ia 4500 | ||
|---|---|---|---|
| 001 | 23859 | ||
| 008 | 160829s2009 xx 000 0 cat d | ||
| 080 | |a Bib-83 | ||
| 245 | |a Pla d'equipaments culturals de Santpedor | ||
| 260 | |a Barcelona : |b Diputació de Barcelona. Àrea de Cultura. Centre d'Estudis i Recursos Culturals (CERC), |c 2009 | ||
| 300 | |a 79 p. : |b il. col. , gràfics, quadres, taules ; |c 29 cm | ||
| 650 | |a Equipaments culturals |x Política governamental |x Santpedor (Catalunya) |9 50263 | ||
| 651 | 0 | |a Santpedor (Catalunya) |x Política cultural |9 55160 | |
| 710 | 1 | |a Barcelona (Catalunya : Província). |b Centre d'Estudis i Recursos Culturals |9 52487 | |
| 901 | |a Arxiu | ||
| 942 | |n 1 | ||
| 952 | |0 0 |1 0 |4 0 |6 BIB83 |7 1 |9 55916 |a Arxiu |b Arxiu |d 2016-12-01 |l 0 |o Bib-83 |p 23859 |r 2016-12-01 00:00:00 |w 2016-12-01 |y ARXIU | ||
| 999 | |c 59789 |d 59789 | ||